| 000 | 00350nam a22001577a 4500 | ||
|---|---|---|---|
| 003 | SGT | ||
| 020 | _a9780199458523 | ||
| 082 | _a620.136,SAN | ||
| 100 | _aSANTHAKUMAR,A.R. | ||
| 245 | _aCONCRETE TECHNOLOGY | ||
| 250 | _a1ST | ||
| 260 |
_aNEW DELHI _bCBS PUBLISHERS _c2020 |
||
| 300 | _a405 | ||
| 650 | _aCIVIL ENGINEERNG | ||
| 942 |
_2ddc _cBK _06 |
||
| 999 |
_c22970 _d22970 |
||